Authors and Their Works #1 - Statistics

General Stats
  • This quiz has been taken 35 times
  • The average score is 11 of 49
Answer Stats
Book Author % Correct
The Name of the Rose Umberto Eco
67%
The Big Sleep Raymond Chandler
52%
The Little Prince Antoine de Saint-Exupéry
48%
Tropic of Cancer Henry Miller
48%
Howard's End E.M. Forster
44%
Life of Pi Yann Martel
44%
Women in Love D.H. Lawrence
41%
The Wind in the Willows Kenneth Grahame
41%
The Stand Stephen King
37%
Song of Solomon Toni Morrison
37%
The Remains of the Day Kazuo Ishiguro
33%
Dead Souls Nikolai Gogol
33%
I, Claudius Robert Graves
33%
Gravity's Rainbow Thomas Pynchon
33%
The Woman in White Wilkie Collins
33%
A Moveable Feast Ernest Hemingway
30%
The Rainbow D.H. Lawrence
26%
The Life and Opinions of Tristram Shandy, Gentleman Laurence Sterne
26%
Buddenbrooks Thomas Mann
26%
The Myth of Sisyphus Albert Camus
22%
Go Tell It on the Mountain James Baldwin
22%
A Confederacy of Dunces John Kennedy Toole
22%
Nostromo Joseph Conrad
22%
Herzog Saul Bellow
22%
White Noise Don Delillo
19%
A Separate Peace John Knowles
19%
The Adventures of Augie March Saul Bellow
19%
Schindler's List Thomas Keneally
19%
Possession A.S. Byatt
15%
Underworld Don Delillo
15%
Clarissa: Or the History of a Young Lady Samuel Richardson
15%
Henderson the Rain King Saul Bellow
15%
An American Tragedy Theodore Dreiser
15%
Light in August William Faulkner
15%
The Wings of the Dove Henry James
11%
The 42nd Parallel John Dos Passos
11%
A Bend in the River V.S Naipaul
11%
Disgrace J.M. Coetzee
7%
The Amazing Adventures of Kavalier and Clay Michael Chabon
7%
The Day of the Locust Nathanael West
7%
Men Without Women Ernest Hemingway
4%
Making of Americans Gertrude Stein
4%
Housekeeping Marilynne Robinson
4%
A Dance to the Music of Time Anthony Powell
0%
In Our Time Ernest Hemingway
0%
The Killer Angels Michael Shaara
0%
Austerlitz W.G. Sebald
0%
Ironweed William J Kennedy
0%
Sophie's Choice William Stryon
0%
No matching quizzes found
Score Distribution
Percent of People with Each Score
Percentile by Number Answered
Your Score History
You have not taken this quiz